|
|
|
|
| LEADER |
00000cam a2200000 c 4500 |
| 001 |
472216090 |
| 003 |
DE-627 |
| 005 |
20260206202838.0 |
| 007 |
tu |
| 008 |
041117s2005 gw ||||| m 00| ||ger c |
| 010 |
|
|
|a 2005421883
|
| 015 |
|
|
|a 04,N49,0200
|2 dnb
|
| 015 |
|
|
|a 05,H04,0123
|2 dnb
|
| 016 |
7 |
|
|a 972679561
|2 DE-101
|
| 020 |
|
|
|a 3525623828
|c Kt. : ca. EUR 54.00
|9 3-525-62382-8
|
| 024 |
3 |
|
|a 9783525623824
|
| 035 |
|
|
|a (DE-627)472216090
|
| 035 |
|
|
|a (DE-603)126550816
|
| 035 |
|
|
|a (DE-576)114823855
|
| 035 |
|
|
|a (DE-599)DNB972679561
|
| 035 |
|
|
|a (OCoLC)254416739
|
| 035 |
|
|
|a (OCoLC)191730885
|
| 040 |
|
|
|a DE-627
|b ger
|c DE-627
|e rakwb
|
| 041 |
|
|
|a ger
|
| 044 |
|
|
|c XA-DE-NI
|
| 050 |
|
0 |
|a BV4340
|
| 082 |
0 |
|
|a 259.5
|
| 082 |
0 |
|
|a 230
|2 DDCoclc
|
| 082 |
0 |
|
|a 430
|2 DDCoclc
|
| 082 |
0 |
4 |
|a 230
|a 430
|
| 084 |
|
|
|a 1
|2 ssgn
|
| 084 |
|
|
|a BT 2070
|q BVB
|2 rvk
|0 (DE-625)rvk/16745:
|
| 084 |
|
|
|a BQ 6015
|2 rvk
|0 (DE-625)rvk/15539:
|
| 084 |
|
|
|a 11.71
|2 bkl
|
| 084 |
|
|
|a 17.63
|2 bkl
|
| 100 |
1 |
|
|a Günther, Ralf
|d 1968-
|0 (DE-588)114642566X
|0 (DE-627)1007935375
|0 (DE-576)186592574
|4 aut
|
| 109 |
|
|
|a Günther, Ralf 1968-
|
| 245 |
1 |
0 |
|a Seelsorge auf der Schwelle
|b eine linguistische Analyse von Seelsorgegesprächen im Gefängnis
|c von Ralf Günther
|
| 246 |
3 |
3 |
|a Knastsprache und Knastgespräche: eine linguistische Analyse von Seelsorgegesprächen im Gefängnis - Seelsorge auf der Schwelle
|
| 250 |
|
|
|a 1. Aufl.
|
| 264 |
|
1 |
|a Göttingen
|b Vandenhoeck und Ruprecht
|c 2005
|
| 300 |
|
|
|a 357 S.
|b mit 1 CD
|c 23 cm
|e 1 CD-ROM (12 cm)
|
| 336 |
|
|
|a Text
|b txt
|2 rdacontent
|
| 337 |
|
|
|a ohne Hilfsmittel zu benutzen
|b n
|2 rdamedia
|
| 338 |
|
|
|a Band
|b nc
|2 rdacarrier
|
| 490 |
1 |
|
|a Arbeiten zur Pastoraltheologie
|v 45
|
| 500 |
|
|
|a Literaturverz. S. 329 - 350
|
| 502 |
|
|
|a Zugl.: Leipzig, Univ., Diss., 2002 u.d.T.: Günther, Ralf: Knastsprache und Knastgespräche: eine linguistische Analyse von Seelsorgegesprächen im Gefängnis - Seelsorge auf der Schwelle
|
| 505 |
8 |
|
|a CD-ROM enth.: Transkriptionen; theoretische Grundlagen der linguistischen Gesprächsforschung
|
| 583 |
1 |
|
|a Archivierung/Langzeitarchivierung gewährleistet
|f PENI
|x XA-DE-NI
|2 pdager
|5 DE-35
|
| 650 |
|
0 |
|a Prisoners
|x Pastoral counseling of
|v Case studies
|
| 650 |
|
0 |
|a Interpersonal Communication
|x Religious aspects
|x Christianity
|v Case studies
|
| 650 |
|
0 |
|a Prison chaplains
|x Christianity
|v Case studies
|
| 650 |
|
0 |
|a Discourse Analysis
|
| 655 |
|
7 |
|a Hochschulschrift
|0 (DE-588)4113937-9
|0 (DE-627)105825778
|0 (DE-576)209480580
|2 gnd-content
|
| 689 |
0 |
0 |
|d s
|0 (DE-588)4077314-0
|0 (DE-627)106080555
|0 (DE-576)209204699
|a Seelsorgegespräch
|2 gnd
|
| 689 |
0 |
1 |
|d s
|0 (DE-588)4071629-6
|0 (DE-627)106097229
|0 (DE-576)209184531
|a Gefängnisseelsorge
|2 gnd
|
| 689 |
0 |
2 |
|d s
|0 (DE-588)4114283-4
|0 (DE-627)105823325
|0 (DE-576)209483350
|a Konversationsanalyse
|2 gnd
|
| 689 |
0 |
|
|5 DE-101
|
| 689 |
1 |
0 |
|d s
|0 (DE-588)4071629-6
|0 (DE-627)106097229
|0 (DE-576)209184531
|a Gefängnisseelsorge
|2 gnd
|
| 689 |
1 |
1 |
|d s
|0 (DE-588)4074250-7
|0 (DE-627)104262966
|0 (DE-576)209193069
|a Linguistik
|2 gnd
|
| 689 |
1 |
|
|5 (DE-627)
|
| 751 |
|
|
|a Leipzig
|4 uvp
|
| 830 |
|
0 |
|a Arbeiten zur Pastoraltheologie
|v 45
|9 45
|w (DE-627)130104949
|w (DE-576)005921872
|w (DE-600)502894-2
|x 0570-5517
|7 am
|
| 935 |
|
|
|a mteo
|a mkri
|a RFBW
|
| 935 |
|
|
|i Blocktest
|
| 935 |
|
|
|h HEB
|i 0501
|
| 935 |
|
|
|h HEB
|i 0503
|
| 936 |
r |
v |
|a BT 2070
|b Andere Bereiche der Seelsorge
|k Theologie und Religionswissenschaften
|k Pastoraltheologie und Missionswissenschaft
|k Einzeldarstellungen zur Pastoraltheologie
|k Andere Bereiche der Seelsorge
|0 (DE-627)1270652826
|0 (DE-625)rvk/16745:
|0 (DE-576)200652826
|
| 936 |
r |
v |
|a BQ 6015
|b Gefängnisseelsorge
|k Theologie und Religionswissenschaften
|k Evangelische Praktische Theologie
|k Seelsorge
|k Seelsorge in verschiedenen Lebenssituationen
|k Gefängnisseelsorge
|0 (DE-627)1272622789
|0 (DE-625)rvk/15539:
|0 (DE-576)202622789
|
| 936 |
b |
k |
|a 11.71
|j Seelsorge
|0 (DE-627)106412620
|
| 936 |
b |
k |
|a 17.63
|j Textlinguistik
|0 (DE-627)106404512
|
| 936 |
s |
n |
|a b100
|2 mzub
|
| 936 |
s |
n |
|a g100
|2 mzub
|
| 951 |
|
|
|a BO
|
| ELC |
|
|
|b 1
|
| LOK |
|
|
|0 000 xxxxxcx a22 zn 4500
|
| LOK |
|
|
|0 001 3188012209
|
| LOK |
|
|
|0 003 DE-627
|
| LOK |
|
|
|0 004 472216090
|
| LOK |
|
|
|0 005 20060222122145
|
| LOK |
|
|
|0 008 060222||||||||||||||||ger|||||||
|
| LOK |
|
|
|0 040
|a DE-21-31
|c DE-627
|d DE-21-31
|
| LOK |
|
|
|0 541
|e 06/91
|
| LOK |
|
|
|0 852
|z CD-ROM in der Bibliotheksverwaltung
|
| LOK |
|
|
|0 852
|a DE-21-31
|
| LOK |
|
|
|0 852 1
|c Ps II e 29
|m p
|9 00
|
| LOK |
|
|
|0 938
|k p
|
| LOK |
|
|
|0 938
|l E12
|8 0
|
| LOK |
|
|
|0 939
|a 22-02-06
|b l01
|
| LOK |
|
|
|0 000 xxxxxcx a22 zn 4500
|
| LOK |
|
|
|0 001 3188012543
|
| LOK |
|
|
|0 003 DE-627
|
| LOK |
|
|
|0 004 472216090
|
| LOK |
|
|
|0 005 20041206000000
|
| LOK |
|
|
|0 008 041206||||||||||||||||ger|||||||
|
| LOK |
|
|
|0 040
|a DE-Frei85
|c DE-627
|d DE-Frei85
|
| LOK |
|
|
|0 852
|a DE-Frei85
|
| LOK |
|
|
|0 852 1
|m e
|9 00
|
| LOK |
|
|
|0 938
|k e
|
| LOK |
|
|
|0 939
|a 06-12-04
|b l01
|
| ORI |
|
|
|a SA-MARC-krimdoka001.raw
|